|
|
|
|
| LEADER |
01306nam a2200385 a 4500 |
| 001 |
nkc20102109391 |
| 003 |
CZ PrNK |
| 005 |
20100803110558.0 |
| 007 |
ta |
| 008 |
100602s2010 xr g 000 f cze |
| 015 |
|
|
|a cnb002109391
|
| 020 |
|
|
|a 978-80-242-2724-5
|q (brož.)
|
| 035 |
|
|
|a (OCoLC)655160464
|
| 040 |
|
|
|a BOA001
|b cze
|
| 041 |
1 |
|
|a cze
|h ger
|
| 072 |
|
7 |
|a 821.112.2-3
|x Německá próza, německy psaná
|2 Konspekt
|9 25
|
| 080 |
|
|
|a 821.112.2-31
|2 MRF
|
| 080 |
|
|
|a (0:82-311.3)
|2 MRF
|
| 100 |
1 |
|
|a Vandenberg, Philipp,
|d 1941-
|7 jo20000075564
|4 aut
|
| 245 |
1 |
0 |
|a Zelený skarabeus /
|c Philipp Vandenberg ; [z německého originálu ... přeložila Věra Houbová]
|
| 250 |
|
|
|a Vyd. 3.
|
| 260 |
|
|
|a Praha :
|b Knižní klub,
|c 2010
|
| 300 |
|
|
|a 303 s. ;
|c 19 cm
|
| 655 |
|
7 |
|a německé romány
|7 fd132945
|2 czenas
|
| 655 |
|
7 |
|a dobrodružné romány
|7 fd132061
|2 czenas
|
| 655 |
|
9 |
|a German fiction
|2 eczenas
|
| 655 |
|
9 |
|a adventure novels
|2 eczenas
|
| 700 |
1 |
|
|a Houbová, Věra,
|d 1927-
|7 jn20001031031
|4 trl
|
| 765 |
1 |
|
|t Grüne Skarabäus
|9 Česky
|
| 910 |
2 |
|
|a BOA001
|b 1-1244.519
|
| 928 |
9 |
|
|a Euromedia Group - Knižní klub
|
| 990 |
|
|
|a BK
|
| 995 |
|
|
|a 01
|
| 991 |
|
|
|b 201006
|
| 996 |
6 |
|
|b 2610440293
|c 1-1244.519
|l MZK
|r Sklad / do 1 hodiny
|n 0
|p p.v.
|w 001126914
|u 000010
|a 1
|e BOA001
|j MZK50
|s P
|